WHAT TO SAY IN EVERY JOB INTERVIEW HOW T (Record no. 29305)

MARC details
000 -LEADER
fixed length control field 00378nam a2200145Ia 4500
008 - FIXED-LENGTH DATA ELEMENTS--GENERAL INFORMATION
fixed length control field 240624s9999 xx 000 0 und d
041 ## - LANGUAGE CODE
Language code of text/sound track or separate title eng
082 ## - DEWEY DECIMAL CLASSIFICATION NUMBER
Classification number 650.144 MAR
100 ## - MAIN ENTRY--PERSONAL NAME
Personal name MARTIN CAROLE
245 ## - TITLE STATEMENT
Title WHAT TO SAY IN EVERY JOB INTERVIEW HOW T
260 ## - PUBLICATION, DISTRIBUTION, ETC.
Date of publication, distribution, etc. 2014
Place of publication, distribution, etc. New York
Name of publisher, distributor, etc. McGraw Hill Education
300 ## - PHYSICAL DESCRIPTION
Extent xix, 250 pages ; , 23 cm
365 ## - TRADE PRICE
Currency code
Price amount 38
440 ## - SERIES STATEMENT/ADDED ENTRY--TITLE
Volume/sequential designation 1
Holdings
Withdrawn status Lost status Damaged status Not for loan Home library Current library Shelving location Date acquired Cost, normal purchase price Full call number Barcode Date last seen Copy number Price effective from Koha item type
        IMTN IMTN Rack 18-B 09/11/2017 20.00 650.144 MAR 29305 06/24/2024 66.7 06/24/2024 Books
Designed & Maintained by: LRC IMT Nagpur Contact: lrc@imtnag.ac.in© 2024. All Rights Reserved.